[Event "United States Championship 2006"]
[Site "San Diego USA"]
[Date "2006.03.06"]
[Round "4"]
[White "Kamsky, G."]
[Black "Christiansen, L."]
[Result "1/2-1/2"]
[WhiteElo "2686"]
[BlackElo "2546"]
[PlyCount "60"]
[EventDate "2006.??.??"]

1. e4 Nf6 2. e5 Nd5 3. d4 d6 4. Nf3 Bg4 5. Be2 e6 6. O-O Be7 7. Re1 O-O 8. Nbd2
Nc6 9. exd6 cxd6 10. c3 Rb8 11. Nf1 Bh5 12. Bd3 b5 13. Ng3 Bg6 14. Bxg6 hxg6
15. Qd3 Bf6 16. Qe4 b4 17. h4 bxc3 18. bxc3 Nce7 19. c4 Nb6 20. Bg5 Nf5 21.
Nxf5 gxf5 22. Qe2 Rc8 23. Rac1 Bxg5 24. hxg5 g6 25. Rc2 Re8 26. c5 Nd5 27. Qd2
Re7 28. Rec1 Rec7 29. Qa5 Kg7 30. Qd2 Qe7 1/2-1/2

[Event "United States Championship 2006"]
[Site "San Diego USA"]
[Date "2006.03.06"]
[Round "4"]
[White "Friedel, J."]
[Black "Finegold, B."]
[Result "1-0"]
[WhiteElo "2455"]
[BlackElo "2563"]
[PlyCount "105"]
[EventDate "2006.??.??"]

1. e4 c6 2. d4 d5 3. Nc3 dxe4 4. Nxe4 Nf6 5. Nxf6+ gxf6 6. c3 Bf5 7. Nf3 e6 8.
g3 Na6 9. Bg2 Qd7 10. Nh4 Bg6 11. O-O Nc7 12. f4 f5 13. h3 Be7 14. Nf3 f6 15.
Ne1 h5 16. h4 e5 17. fxe5 fxe5 18. Nf3 e4 19. Ne5 Qe6 20. Qb3 Qxb3 21. axb3 Bh7
22. Bh3 Bd6 23. Bxf5 Bxe5 24. dxe5 Bxf5 25. Rxf5 O-O-O 26. Bg5 Rd3 27. Kf2 Ne6
28. Rxa7 Kb8 29. Ra4 Nxg5 30. Rxg5 Rd2+ 31. Ke3 Rxb2 32. Rxe4 Rxb3 33. Kd3 Rd8+
34. Kc2 Ra3 35. e6 Ra2+ 36. Kb3 Rdd2 37. e7 Rdb2+ 38. Kc4 Ra4+ 39. Kd3 Rxe4 40.
Kxe4 Re2+ 41. Kf4 Rxe7 42. Rxh5 Kc7 43. Re5 Rf7+ 44. Rf5 Rh7 45. h5 Kd6 46. g4
b5 47. Kg5 Rg7+ 48. Kh4 c5 49. h6 Rb7 50. Rh5 Rh7 51. g5 b4 52. cxb4 cxb4 53.
g6 1-0

[Event "United States Championship 2006"]
[Site "San Diego USA"]
[Date "2006.03.06"]
[Round "4"]
[White "Vicary, E."]
[Black "Kleiman, J."]
[Result "1-0"]
[WhiteElo "2107"]
[BlackElo "2279"]
[PlyCount "75"]
[EventDate "2006.??.??"]

1. e4 c5 2. Nf3 e6 3. b3 d6 4. Bb2 Nf6 5. e5 dxe5 6. Nxe5 Be7 7. Bd3 O-O 8. O-O
Nbd7 9. f4 Nxe5 10. fxe5 Nd5 11. c4 Nb4 12. Be4 Qd7 13. Qh5 g6 14. Qh6 Qd8 15.
a3 Nd3 16. Bxd3 Qxd3 17. Rf3 Qe4 18. Nc3 Qh4 19. Qe3 Bd7 20. Ne4 Bc6 21. Rf4
Qh6 22. Raf1 Rad8 23. Nf6+ Bxf6 24. exf6 Qg5 25. R1f2 Rd7 26. h4 Qh5 27. Bc3
Rfd8 28. Re2 b6 29. Qf2 Qh6 30. Re5 Rd3 31. h5 a5 32. Qh4 R8d7 33. Rg5 Kf8 34.
hxg6 Qxh4 35. g7+ Kg8 36. Rxh4 Rxd2 37. Bxd2 Rxd2 38. Rxh7 1-0

[Event "United States Championship 2006"]
[Site "San Diego USA"]
[Date "2006.03.06"]
[Round "4"]
[White "Kudrin, S."]
[Black "Florean, A."]
[Result "1-0"]
[WhiteElo "2554"]
[BlackElo "2426"]
[PlyCount "77"]
[EventDate "2006.??.??"]

1. e4 c5 2. Nf3 d6 3. d4 cxd4 4. Nxd4 Nf6 5. Nc3 a6 6. Bc4 e6 7. Bb3 Be7 8. g4
h6 9. h4 Nc6 10. Rg1 g6 11. g5 hxg5 12. hxg5 Nh5 13. Be3 Bd7 14. f4 Qa5 15. Qf3
O-O-O 16. O-O-O Kb8 17. Qf2 Qc7 18. Nde2 Rdf8 19. Bb6 Qc8 20. a3 f6 21. gxf6
Rxf6 22. Qe3 Rhf8 23. e5 dxe5 24. Ne4 exf4 25. Nxf6 Rxf6 26. Qd3 Be8 27. Nc3
Ne5 28. Qe2 Rf5 29. Bd4 Bd6 30. Ne4 Bc7 31. Qf2 Ng3 32. Nc5 Ng4 33. Qf3 Ne5 34.
Qf2 Ng4 35. Qe1 Bf7 36. Nd7+ Qxd7 37. Ba7+ Kc8 38. Rxd7 Kxd7 39. Qd1+ 1-0

[Event "United States Championship 2006"]
[Site "San Diego USA"]
[Date "2006.03.06"]
[Round "4"]
[White "Goletiani, R."]
[Black "Kraai, J."]
[Result "1/2-1/2"]
[WhiteElo "2378"]
[BlackElo "2443"]
[PlyCount "145"]
[EventDate "2006.??.??"]

1. Nf3 Nf6 2. c4 e6 3. g3 d5 4. Bg2 Be7 5. O-O O-O 6. b3 c5 7. cxd5 exd5 8. d4
Nc6 9. Bb2 Bg4 10. dxc5 Bxc5 11. Nc3 Re8 12. Rc1 Bf8 13. h3 Bf5 14. Nd4 Bg6 15.
e3 Nb4 16. Ba1 Qa5 17. Nde2 Rad8 18. Nf4 Ne4 19. Nxg6 hxg6 20. a4 Bc5 21. Nb5
Nxf2 22. Rxf2 Bxe3 23. Qf3 Rd7 24. Rd1 Nc2 25. Bc3 Qb6 26. Rxd5 Red8 27. Rxd7
Rxd7 28. Kf1 Bxf2 29. Qxf2 Ne3+ 30. Ke2 Re7 31. Kd3 a6 32. Bd4 Qe6 33. Nc3 Nxg2
34. Qxg2 Qxb3 35. Qd5 Qxd5 36. Nxd5 Re1 37. a5 g5 38. h4 gxh4 39. gxh4 f6 40.
Ne3 Rb1 41. Nc4 Kf7 42. Nd6+ Ke6 43. Ne8 g6 44. Nc7+ Kd7 45. Nd5 Ke6 46. Nc7+
Kf7 47. Ke4 Rh1 48. Bf2 Ra1 49. Bb6 Ra4+ 50. Kd5 Rxh4 51. Kd6 Rh1 52. Kd7 g5
53. Kc8 g4 54. Kxb7 g3 55. Kxa6 g2 56. Nb5 Rb1 57. Bf2 Ke6 58. Kb6 Kd5 59. Ka6
g1=Q 60. Bxg1 Rxg1 61. Ka7 f5 62. a6 f4 63. Kb7 Kc5 64. Nc3 Kc4 65. Ne4 Kd3 66.
Nf2+ Ke3 67. Nh3 Rb1+ 68. Kc7 Ra1 69. Kb7 f3 70. a7 f2 71. Nxf2 Kxf2 72. a8=Q
Rxa8 73. Kxa8 1/2-1/2

[Event "United States Championship 2006"]
[Site "San Diego USA"]
[Date "2006.03.06"]
[Round "4"]
[White "Gonzalez, R."]
[Black "Schneider, D."]
[Result "0-1"]
[WhiteElo "2470"]
[BlackElo "2486"]
[PlyCount "90"]
[EventDate "2006.??.??"]

1. e4 e6 2. d3 d5 3. Qe2 Nf6 4. Nf3 dxe4 5. dxe4 b6 6. Nbd2 Ba6 7. Nc4 b5 8.
Nce5 b4 9. Qe3 Bxf1 10. Rxf1 h6 11. b3 Qc8 12. Bb2 Qb7 13. Nd2 Be7 14. a4 bxa3
15. Bxa3 Bxa3 16. Rxa3 Nc6 17. Nec4 O-O 18. f3 Nd5 19. Qc5 Ndb4 20. Kd1 Rfd8
21. c3 Nd3 22. Qe3 Qb5 23. Kc2 Nc5 24. Rfa1 Rd3 25. Qxd3 Nxd3 26. Kxd3 Ne5+ 27.
Ke2 Nxc4 28. Nxc4 Rd8 29. Rd1 Rxd1 30. Kxd1 Qc5 31. Ke2 Qg1 32. Ne3 Qc1 33.
Rxa7 Qxc3 34. Rb7 g5 35. h3 Qb2+ 36. Kd3 Qb1+ 37. Kd2 Qb2+ 38. Kd3 Qc1 39. Ke2
Kg7 40. Rb4 Qb2+ 41. Kd3 Qa2 42. Nc2 c5 43. Rb5 Qb1 44. Rxc5 Qf1+ 45. Kd4 Qf2+
0-1

[Event "United States Championship 2006"]
[Site "San Diego USA"]
[Date "2006.03.06"]
[Round "4"]
[White "Zenyuk, I."]
[Black "Cottrell, K."]
[Result "1-0"]
[WhiteElo "2194"]
[BlackElo "1887"]
[PlyCount "111"]
[EventDate "2006.??.??"]

1. d4 d5 2. Nf3 Nf6 3. c4 c6 4. e3 g6 5. Nc3 Bg7 6. Be2 O-O 7. O-O Be6 8. cxd5
cxd5 9. Qb3 Qb6 10. Qxb6 axb6 11. Bd2 Nc6 12. Rfc1 h6 13. b3 Rfc8 14. Ne1 Bf5
15. g4 Be6 16. Nd3 g5 17. Bf3 Rd8 18. Na4 Ra6 19. Nb4 Nxb4 20. Bxb4 Bxg4 21.
Bxg4 Nxg4 22. Bxe7 Rda8 23. Nc3 Nf6 24. Bxf6 Bxf6 25. Nxd5 Bd8 26. Nc7 Bxc7 27.
Rxc7 R8a7 28. a4 b5 29. a5 Rc6 30. Rxc6 bxc6 31. b4 f5 32. Rc1 Ra6 33. Rc5 Kf7
34. d5 cxd5 35. Rxd5 f4 36. exf4 gxf4 37. Rxb5 Rg6+ 38. Kf1 Ke7 39. Rb7+ Kd8
40. Rf7 Rg4 41. a6 Ke8 42. Rb7 f3 43. a7 Rd4 44. a8=Q+ Rd8 45. Qxd8+ Kxd8 46.
Ke1 Kc8 47. Rh7 Kb8 48. Kd2 Kc8 49. Kd3 Kb8 50. Kc4 Kc8 51. Kc5 Kb8 52. Kc6 h5
53. b5 h4 54. Rh8+ Ka7 55. b6+ Ka6 56. Ra8# 1-0

[Event "United States Championship 2006"]
[Site "San Diego USA"]
[Date "2006.03.06"]
[Round "4"]
[White "Ibragimov, I."]
[Black "Baginskaite, C."]
[Result "1-0"]
[WhiteElo "2635"]
[BlackElo "2299"]
[PlyCount "85"]
[EventDate "2006.??.??"]

1. e4 c5 2. d3 Nc6 3. g3 g6 4. Bg2 Bg7 5. f4 d6 6. Nf3 e6 7. O-O Nge7 8. c3 O-O
9. Be3 f5 10. Na3 Rb8 11. exf5 gxf5 12. d4 b6 13. Re1 Qd7 14. Qd2 cxd4 15. Nxd4
Nxd4 16. Bxd4 e5 17. Be3 Bb7 18. Rad1 Bxg2 19. Qxg2 e4 20. Bd4 d5 21. Nc2 Nc6
22. Bxg7 Kxg7 23. Ne3 Ne7 24. Rd4 Rbd8 25. Red1 Rf6 26. c4 Rd6 27. b4 Rc8 28.
Qb2 Kg8 29. Nxd5 Nxd5 30. Rxd5 Rxd5 31. Rxd5 Qe6 32. Qd4 Rf8 33. Rd6 Qf7 34.
Rd7 Qf6 35. Qxf6 Rxf6 36. b5 Re6 37. Kf2 e3+ 38. Ke2 Re4 39. Rc7 h5 40. h4 Kf8
41. a4 Ke8 42. Rxa7 Rxc4 43. Kxe3 1-0

[Event "United States Championship 2006"]
[Site "San Diego USA"]
[Date "2006.03.06"]
[Round "4"]
[White "Ross, L."]
[Black "Lenderman, A."]
[Result "0-1"]
[WhiteElo "2141"]
[BlackElo "2431"]
[PlyCount "96"]
[EventDate "2006.??.??"]

1. e4 e5 2. Nf3 Nf6 3. Nxe5 d6 4. Nf3 Nxe4 5. Nc3 Nxc3 6. dxc3 Nd7 7. Bf4 Nc5
8. Qd2 Be7 9. O-O-O O-O 10. Kb1 Bf6 11. Be3 Ne4 12. Qd5 Re8 13. Bd3 c6 14. Qh5
d5 15. Bxe4 Rxe4 16. Ng5 Bxg5 17. Qxg5 Qxg5 18. Bxg5 Rg4 19. Rde1 Be6 20. Be3
Rxg2 21. Reg1 Rxg1+ 22. Rxg1 f6 23. Kc1 Kf7 24. Kd2 g5 25. b4 a5 26. bxa5 Rxa5
27. Rb1 b5 28. Rb2 Kg6 29. Bc5 Ra4 30. Bb4 Kh5 31. Ke2 Kg4 32. f3+ Kh3 33. Kf2
g4 34. Bd6 gxf3 35. Kxf3 Re4 36. Bg3 Bg4+ 37. Kf2 f5 38. Bd6 f4 39. Rb4 Re2+
40. Kf1 f3 41. a4 bxa4 42. Rxa4 Rxc2 43. Be5 Bf5 44. Rf4 Bd3+ 45. Ke1 Re2+ 46.
Kd1 Bc2+ 47. Kc1 Rxe5 48. Kxc2 Kg2 0-1

[Event "United States Championship 2006"]
[Site "San Diego USA"]
[Date "2006.03.06"]
[Round "4"]
[White "Milman, L."]
[Black "Kaidanov, G."]
[Result "1/2-1/2"]
[WhiteElo "2478"]
[BlackElo "2603"]
[PlyCount "198"]
[EventDate "2006.??.??"]

1. e4 e5 2. Nf3 Nc6 3. Bb5 a6 4. Bxc6 dxc6 5. O-O f6 6. d4 Bg4 7. c3 Bd6 8. Be3
Qe7 9. Nbd2 O-O-O 10. Qc2 exd4 11. cxd4 Re8 12. e5 fxe5 13. dxe5 Bxe5 14. Rfe1
Bf6 15. Bd4 Qf8 16. Rxe8+ Qxe8 17. Re1 Qf8 18. Qc4 Nh6 19. Be3 Bxf3 20. Nxf3
Qd6 21. Bxh6 gxh6 22. b3 Qd5 23. Qf4 Bc3 24. Rc1 Bg7 25. Re1 Rf8 26. Qg4+ Qd7
27. Qh5 b6 28. h3 a5 29. Ne5 Qe6 30. Nf3 Qd7 31. Ne5 Qe6 32. Re3 Kb7 33. Qe2
Qf5 34. Nf3 Rd8 35. Re7 Bf8 36. Re4 Bc5 37. g4 Qf7 38. Re6 Rd6 39. Re5 Rd5 40.
Kg2 Bd6 41. Re6 h5 42. g5 Bf4 43. Qe4 Bxg5 44. Rxc6 Qf5 45. Qxf5 Rxf5 46. Re6
Bf6 47. Re8 Rd5 48. Rf8 Rd6 49. Rf7 h6 50. Kf1 Bc3 51. Ke2 Kc6 52. a4 Rf6 53.
Re7 Kd6 54. Re3 Bb4 55. Rd3+ Ke6 56. Nd4+ Kf7 57. Nf3 Re6+ 58. Kf1 Rd6 59. Ke2
Kf6 60. Nd4 Bc5 61. Rf3+ Ke5 62. Nc2 Rc6 63. Ne3 Bxe3 64. Rxe3+ Kf4 65. Rf3+
Kg5 66. Rg3+ Kh4 67. Kf1 Rc5 68. Re3 Kg5 69. Ke2 Rc2+ 70. Kf3 Kf5 71. Kg3 h4+
72. Kxh4 Kf4 73. Re7 Rc3 74. Rf7+ Ke4 75. Kg4 Rxb3 76. Rxc7 Rb4 77. Rb7 Kd5+
78. f4 Kc6 79. Rh7 Rxa4 80. Rxh6+ Kc5 81. Rh8 b5 82. Rb8 Rd4 83. Kg5 a4 84. f5
b4 85. f6 Rd7 86. Kg6 b3 87. f7 Rxf7 88. Kxf7 Kc4 89. Rc8+ Kd3 90. Rb8 Kc3 91.
Rc8+ Kb2 92. h4 a3 93. h5 a2 94. Ra8 a1=Q 95. Rxa1 Kxa1 96. h6 b2 97. h7 b1=Q
98. h8=Q+ Qb2 99. Qxb2+ Kxb2 1/2-1/2

[Event "United States Championship 2006"]
[Site "San Diego USA"]
[Date "2006.03.06"]
[Round "4"]
[White "Ippolito, D."]
[Black "Wojtkiewicz, A."]
[Result "0-1"]
[WhiteElo "2414"]
[BlackElo "2554"]
[PlyCount "146"]
[EventDate "2006.??.??"]

1. d4 Nf6 2. c4 g6 3. Nf3 Bg7 4. g3 O-O 5. Bg2 d6 6. O-O Nbd7 7. Nc3 e5 8. e4
exd4 9. Nxd4 Re8 10. h3 a6 11. Be3 Rb8 12. Re1 Ne5 13. Qe2 c5 14. Nc2 Be6 15.
b3 Nfd7 16. Nd5 b5 17. cxb5 axb5 18. Rad1 b4 19. Nf4 Qc7 20. Qd2 Rb6 21. Nxe6
Rxe6 22. f4 Nc6 23. e5 Ne7 24. Nxb4 cxb4 25. Bxb6 Qxb6+ 26. Kh2 Nxe5 27. fxe5
Bxe5 28. Re4 Nf5 29. Rxb4 Qd8 30. Bd5 Nxg3 31. Kg2 Rf6 32. Qe3 Kg7 33. Bxf7 Nf5
34. Qxe5 Qa8+ 35. Qe4 Qxa2+ 36. Kg1 Ng3 37. Qg2 Qa7+ 38. Kh2 Rf2 39. Bd5 Qe3
40. Qxf2 Qxf2+ 41. Bg2 Nf5 42. Rf1 Qd2 43. Rbf4 Qb2 44. Rxf5 gxf5 45. Rxf5 Qxb3
46. Rd5 Qe3 47. Rf5 Kg6 48. Rd5 Kf7 49. Rh5 h6 50. Rd5 Qe2 51. Ra5 Ke6 52. Ra8
Qe5+ 53. Kh1 Qg3 54. Re8+ Kf5 55. Rf8+ Ke5 56. Re8+ Kd4 57. Re4+ Kd3 58. Re6 h5
59. Rf6 Qe5 60. Rf1 Ke2 61. Rb1 d5 62. Rb3 d4 63. Kg1 Qf5 64. Rb2+ Ke1 65. Rb8
Qf2+ 66. Kh1 Qe3 67. Rb1+ Kf2 68. Rb2+ Kg3 69. Bf1 d3 70. Rg2+ Kh4 71. Kh2 d2
72. Be2 Qe5+ 73. Kh1 Qxe2 0-1

[Event "United States Championship 2006"]
[Site "San Diego USA"]
[Date "2006.03.06"]
[Round "4"]
[White "Gulko, B."]
[Black "Tuvshintugs, B."]
[Result "1/2-1/2"]
[WhiteElo "2585"]
[BlackElo "2208"]
[PlyCount "60"]
[EventDate "2006.??.??"]

1. c4 Nf6 2. Nc3 d5 3. cxd5 Nxd5 4. g3 g6 5. Bg2 c6 6. d4 Bg7 7. Nf3 O-O 8. O-O
Nd7 9. e4 Nxc3 10. bxc3 c5 11. a4 cxd4 12. cxd4 Nc5 13. Re1 Bg4 14. e5 Ne6 15.
d5 Nc5 16. Ba3 Rc8 17. Qd4 Bxf3 18. Bxc5 Qxd5 19. Qxd5 Bxd5 20. Bxe7 Rfe8 21.
Bxd5 Rxe7 22. f4 Rd8 23. Rad1 Kf8 24. Bf3 Rxd1 25. Rxd1 Ke8 26. Rc1 Kd8 27. Bg4
Rc7 28. Rxc7 Kxc7 29. Kf2 f6 30. exf6 Bxf6 1/2-1/2

[Event "United States Championship 2006"]
[Site "San Diego USA"]
[Date "2006.03.06"]
[Round "4"]
[White "Abrahamyan, T."]
[Black "Liu, E."]
[Result "1/2-1/2"]
[WhiteElo "2254"]
[BlackElo "2139"]
[PlyCount "120"]
[EventDate "2006.??.??"]

1. e4 c5 2. Nf3 Nc6 3. d4 cxd4 4. Nxd4 Nf6 5. Nc3 e5 6. Ndb5 d6 7. Bg5 a6 8.
Na3 b5 9. Nd5 Be7 10. Bxf6 Bxf6 11. c3 Bg5 12. Nc2 O-O 13. a4 bxa4 14. Rxa4 a5
15. Bc4 Rb8 16. b3 Kh8 17. O-O f5 18. Re1 fxe4 19. Rxe4 Bf5 20. Re2 Bg6 21. Re1
Bh4 22. g3 e4 23. Nf4 Rxf4 24. gxf4 Qf6 25. Bd5 Qxf4 26. Bxc6 Bxf2+ 27. Kh1
Bxe1 28. Qxe1 Qf3+ 29. Kg1 Qg4+ 30. Qg3 Qd1+ 31. Ne1 Rf8 32. Bxe4 Re8 33. Rd4
Qc1 34. Qf2 d5 35. Rxd5 Bxe4 36. Re5 Qxe1+ 37. Qxe1 Rxe5 38. Qg3 Re8 39. Qc7
Bc2 40. Qxa5 Bxb3 41. Qb5 Bf7 42. c4 h6 43. Qd7 Bg6 44. c5 Re5 45. c6 Bf5 46.
Qd6 Re8 47. c7 Kh7 48. Qd5 Kg6 49. Kf2 Kf6 50. h4 Be6 51. Qd8+ Kf7 52. Ke3 Bf5+
53. Kd4 Bg4 54. Kc5 Bf5 55. h5 Re5+ 56. Kd4 Re4+ 57. Kd5 Re8 58. Qd6 Be4+ 59.
Kc5 Bf5 60. Qd5+ Kf6 1/2-1/2

[Event "United States Championship 2006"]
[Site "San Diego USA"]
[Date "2006.03.06"]
[Round "4"]
[White "Airapetian, C."]
[Black "Itkis, H."]
[Result "1/2-1/2"]
[WhiteElo "2130"]
[BlackElo "2105"]
[PlyCount "57"]
[EventDate "2006.??.??"]

1. e4 d6 2. d4 Nf6 3. Nc3 g6 4. Be3 c6 5. f3 b5 6. Qd2 Nbd7 7. O-O-O b4 8. Nce2
a5 9. Kb1 Qc7 10. g4 Nb6 11. Nc1 Bb7 12. h4 h5 13. g5 Nfd7 14. Nh3 Bg7 15. Be2
c5 16. Bb5 Bc6 17. Qe2 Bxb5 18. Qxb5 O-O 19. Nf4 Rfb8 20. Rhe1 cxd4 21. Bf2 Nc5
22. Nfd3 Nba4 23. Qc4 Qc6 24. Nb3 Nb6 25. Nxd4 Qc8 26. Qb5 Bxd4 27. Bxd4 Nbd7
28. Qc4 Nb6 29. Qb5 1/2-1/2

[Event "United States Championship 2006"]
[Site "San Diego USA"]
[Date "2006.03.06"]
[Round "4"]
[White "Sarkar, J."]
[Black "Muhammad, S."]
[Result "1/2-1/2"]
[WhiteElo "2323"]
[BlackElo "2377"]
[PlyCount "135"]
[EventDate "2006.??.??"]

1. Nf3 Nf6 2. c4 g6 3. Nc3 Bg7 4. e4 d6 5. Be2 O-O 6. d4 e5 7. Be3 h6 8. O-O
Ng4 9. Bc1 Nc6 10. d5 Ne7 11. Nd2 Nf6 12. b4 Ne8 13. c5 f5 14. f3 h5 15. Nc4 f4
16. a4 g5 17. Ba3 Ng6 18. a5 Rf7 19. h3 Bf8 20. c6 b6 21. Bb2 Rg7 22. axb6 cxb6
23. Kh2 Nh4 24. Rh1 g4 25. hxg4 hxg4 26. fxg4 Nf6 27. c7 Qxc7 28. Kg1 f3 29.
gxf3 Nxf3+ 30. Bxf3 Qxc4 31. Rh4 Be7 32. Kg2 Nxe4 33. Nxe4 Bxh4 34. Rc1 Qxb4
35. Bc3 Qb5 36. Nxd6 Qc5 37. Ne4 Qe3 38. Bxe5 Rxg4+ 39. Bxg4 Qxe4+ 40. Kh3 Qxe5
41. Kxh4 Qe7+ 42. Kh3 Qe3+ 43. Kh4 Qh6+ 44. Kg3 Qd6+ 45. Kh3 Qh6+ 46. Kg3 Qg5
47. d6 Be6 48. Qe2 Re8 49. Rc8 Rxc8 50. Qxe6+ Kg7 51. Qxc8 Qe5+ 52. Kh3 Qxd6
53. Qb7+ Kh6 54. Qxa7 Qd3+ 55. Kh4 Qd8+ 56. Kg3 Qd3+ 57. Bf3 Qg6+ 58. Kh2 Qd6+
59. Kh1 Qf6 60. Qa3 Qh4+ 61. Kg2 Qg5+ 62. Kh3 Qf5+ 63. Bg4 Qf1+ 64. Kg3 Qg1+
65. Kf3 Qd1+ 66. Kf4 Qd4+ 67. Kg3 Qg1+ 68. Kf3 1/2-1/2

[Event "United States Championship 2006"]
[Site "San Diego USA"]
[Date "2006.03.06"]
[Round "4"]
[White "Kreiman, B."]
[Black "Vigorito, D."]
[Result "1-0"]
[WhiteElo "2478"]
[BlackElo "2359"]
[PlyCount "64"]
[EventDate "2006.??.??"]

1. d4 d5 2. c4 c6 3. Nc3 Nf6 4. Nf3 dxc4 5. a4 Bf5 6. e3 e6 7. Bxc4 Bb4 8. O-O
Nbd7 9. Nh4 O-O 10. Nxf5 exf5 11. g3 Rc8 12. Be2 Qe7 13. Bf3 Ne4 14. Qb3 Ndf6
15. Bg2 c5 16. Na2 Ba5 17. Qb5 b6 18. dxc5 Rxc5 19. Qe2 Nd5 20. b3 Ndc3 21.
Nxc3 Rxc3 22. Qb5 Qe6 23. b4 a6 24. Qxa6 Bxb4 25. Bxe4 fxe4 26. Bd2 Rc4 27.
Bxb4 Rxb4 28. Rfb1 Rb3 29. Rxb3 Qxb3 30. Qb5 Qe6 31. Rb1 g6 32. Qxb6 Qxb6 1-0

[Event "United States Championship 2006"]
[Site "San Diego USA"]
[Date "2006.03.06"]
[Round "4"]
[White "Fedorowicz, J."]
[Black "Zatonskih, A."]
[Result "1/2-1/2"]
[WhiteElo "2493"]
[BlackElo "2433"]
[PlyCount "82"]
[EventDate "2006.??.??"]

1. e4 e6 2. d4 d5 3. Nc3 dxe4 4. Nxe4 Nd7 5. Nf3 Ngf6 6. Nxf6+ Nxf6 7. c3 c5 8.
Bd3 cxd4 9. Nxd4 Bc5 10. O-O Bxd4 11. Qa4+ Kf8 12. cxd4 Kg8 13. Rd1 Bd7 14. Qb4
Bc6 15. Bf1 h6 16. Bd2 Qb6 17. Rac1 Qxb4 18. Bxb4 Nd5 19. Bd2 Kf8 20. Rc5 Ke7
21. Rdc1 Rhd8 22. f3 Ke8 23. R5c2 Rd7 24. Kf2 Ne7 25. Bc3 Nf5 26. Rd2 Rad8 27.
Rcd1 Kf8 28. Bb4+ Kg8 29. Bc3 Ba4 30. b3 Bc6 31. Bd3 Ne7 32. Ba5 Rc8 33. Rc2 a6
34. Bb4 Nd5 35. Bd2 Nf6 36. Be3 Ra8 37. Rc5 Kf8 38. h4 Nd5 39. Bd2 Ne7 40. Be3
Nd5 41. Bd2 Ne7 1/2-1/2

[Event "United States Championship 2006"]
[Site "San Diego USA"]
[Date "2006.03.06"]
[Round "4"]
[White "Lugo, B."]
[Black "Ginsburg, M."]
[Result "1/2-1/2"]
[WhiteElo "2412"]
[BlackElo "2367"]
[PlyCount "150"]
[EventDate "2006.??.??"]

1. e4 c5 2. Nf3 d6 3. d4 cxd4 4. Nxd4 Nf6 5. Nc3 e6 6. Be3 a6 7. f3 b5 8. g4
Bb7 9. Qd2 Nfd7 10. O-O-O Nb6 11. Bd3 N8d7 12. Qf2 Rc8 13. Nce2 Qc7 14. Kb1 d5
15. e5 Nc4 16. f4 Nc5 17. Rhf1 Be7 18. Bc1 b4 19. b3 Na3+ 20. Bxa3 bxa3 21. Qe3
Ne4 22. Bxe4 dxe4 23. c4 O-O 24. Nc3 Qb6 25. Nf5 Qxe3 26. Nxe3 Rfd8 27. Kc2 f6
28. f5 Bc5 29. Rxd8+ Rxd8 30. Ncd1 exf5 31. Rxf5 Bb4 32. exf6 gxf6 33. Rxf6
Rd2+ 34. Kb1 Bd6 35. Kc1 Rd4 36. h3 Bc8 37. Nc2 Be5 38. Nxd4 Bxf6 39. Nc2 Bg5+
40. Nde3 h5 41. Kd1 hxg4 42. hxg4 Be7 43. Kd2 a5 44. Nd4 Bd7 45. Nef5 Bb4+ 46.
Ke3 a4 47. bxa4 Bxa4 48. Kxe4 Kf7 49. Kd5 Kg6 50. Nf3 Bb3 51. Ne5+ Kg5 52. Nd3
Bxa2 53. Nxb4 Bxc4+ 54. Kxc4 a2 55. Nxa2 Kxg4 56. Ne3+ Kf4 57. Kd4 Kg5 58. Ke5
Kg6 59. Nc3 Kg5 60. Ne4+ Kg6 61. Ke6 Kg7 62. Nd5 Kg6 63. Nf4+ Kg7 64. Ke7 Kh7
65. Kf8 Kh6 66. Kf7 Kh7 67. Ng5+ Kh6 68. Nge6 Kh7 69. Ng7 Kh6 70. Nfe6 Kh7 71.
Nf5 Kh8 72. Ne7 Kh7 73. Ng8 Kh8 74. Nf4 Kh7 75. Nf6+ Kh6 1/2-1/2